| 000 | 00000nam##2200000za#4500 |
| 001 | 9.570955 |
| 003 | CaOODSP |
| 005 | 20210624182505 |
| 007 | cr ||||||||||| |
| 008 | 150406|2002||||xxc|||||o f|0| 0 eng|d |
| 040 | |aCaOODSP|beng |
| 043 | |an-cn--- |
| 086 | 1 |aYC25-0/371-5E-PDF |
| 110 | 1 |aCanada. |bParliament. |bSenate. |bStanding Committee on Fisheries and Oceans. |
| 245 | 10|aSelected themes on Canada's freshwater and northern fisheries : |h[electronic resource]|bReport of the Standing Senate Committee on Fisheries / |cThe Honourable Gerald J. Comeau, chair; the Honourable Joan Cook, deputy chair. |
| 260 | |aOttawa - Ontario : |bSenate. |cFebruary 2002. |
| 300 | |a63p.|bmaps (some coloured), references, table |
| 490 | 1 |aReport of the Standing Senate Committee on Fisheries and Oceans|v37th Parliament, 1st Session, [5th report] |
| 590 | |a11-12-Supp|b2011-07-29 |
| 775 | 08|tThèmes choisis sur les pêches en eau douce et les pêches du nord : |w(CaOODSP)9.601597 |
| 830 | #0|aReport of the Standing Senate Committee on Fisheries and Oceans ;|v37th Parliament, 1st Session, [5th report]|w(CaOODSP)9.505799 |
| 856 | 40|ahttp://publications.gc.ca|qPDF|s1.26 MB|uhttps://publications.gc.ca/collections/collection_2011/sen/yc25-0/YC25-0-371-5-eng.pdf|y37th Parliament, 1st Session, [5th report] |